Statistics for Belgian football players by picture

Click here to take the quiz!

General Stats

  • This quiz has been taken 239 times
  • The average score is 11 of 15

Answer Stats

Answer% Correct
Eden Hazard
100%
Kevin De Bruyne
100%
Thibaut Courtois
94%
Vincent Kompany
94%
Axel Witsel
92%
Romelu Lukaku
92%
Marouane Fellaini
90%
Jan Vertonghen
86%
Christian Benteke
71%
Dries Mertens
62%
Marc Wilmots
57%
Daniel Van Buyten
55%
Michel Preud'homme
49%
Eric Gerets
24%
Jan Ceulemans
21%

Score Distribution

Percentile by Number Answered

Percent of People with Each Score

Your Score History

You have not taken this quiz